|
|
|
|
| LEADER |
00000nam a2200000 a 4500 |
| 001 |
vtls001164499 |
| 003 |
SK-MaSNL |
| 005 |
20260301002353.0 |
| 008 |
240314sm y0 xo r 0 slo |
| 020 |
|
|
|c 900,00
|
| 035 |
|
|
|a SNK000107450
|
| 040 |
|
|
|a SNK
|b slo
|c SNK
|e AACR2
|
| 044 |
|
|
|a xo
|c SK
|
| 100 |
1 |
|
|a Mabillon, Joannes
|4 aut
|9 282054
|
| 245 |
1 |
0 |
|a Tractatus de Studiis Monasticis In tres Partes distributus,...
|n Tomus Primus
|
| 260 |
|
|
|a Venetiis
|b Andreae Poletti
|c 1745
|
| 999 |
|
|
|c 537178
|d 539108
|
| 952 |
|
|
|t P60, <04>, [BOOK], {604}
|a SNK
|b SNK
|y VYP
|7 0
|o snkIC 128987/1-3
|i snkK 888/2000
|0 0
|1 0
|4 0
|d 2000-11-28
|l 0
|r 2005-01-01 00:00:00
|w 2026-02-23
|